[Event "Leon"]
[Site "Leon"]
[Date "1990.??.??"]
[Round "5"]
[White "Romero Holmes, Alfonso"]
[Black "Illescas Cordoba, Miguel"]
[Result "1/2-1/2"]
[WhiteElo "2460"]
[BlackElo "2530"]

1.e4 c5 2.Nf3 e6 3.b3 b6 4.Bb2 Bb7 5.Qe2 d6 6.d4 cxd4 7.Nxd4 Nf6 8.Nd2 Nbd7
9.g3 a6 10.Bg2 Qc7 11.O-O Be7 12.c4 O-O 13.f4 Rfe8 14.Rac1 Bf8 15.Nc2 h6
16.Ne3 Qd8 17.Rcd1 b5 18.e5 Bxg2 19.Kxg2 Nh7 20.Ne4 dxe5 21.fxe5 Qc7 22.Qh5 Nc5
23.Nd6 Bxd6 24.exd6 Qc6+ 25.Kg1 f6 26.Ng4 Nd7 27.Bxf6 Ndxf6 28.Rxf6 gxf6
29.Nxf6+ Nxf6 30.Qg6+ Kh8 31.Qxf6+ Kh7 32.Qf7+ Kh8 33.Qf6+ Kh7 34.Qf7+ Kh8
35.Qf6+  1/2-1/2

[Event "Leon"]
[Site "Leon"]
[Date "1990.??.??"]
[Round "6"]
[White "Illescas Cordoba, Miguel"]
[Black "Sanz Alonso, Francisco Javier"]
[Result "1/2-1/2"]
[WhiteElo "2530"]
[BlackElo "2450"]

1.d4 f5 2.Nc3 d5 3.Bg5 g6 4.e3 c6 5.h4 h6 6.Bf4 Be6 7.Be5 Rh7 8.Bd3 Nd7 9.Qf3 Ngf6
10.Bxf6 Nxf6 11.h5 Nxh5 12.Rxh5 gxh5 13.O-O-O Bf7 14.Bxf5 Rg7 15.Nce2 e6
16.Bh3 Bd6 17.Nf4 Bxf4 18.Qxf4 Qg5 19.Qd6 Qe7 20.Qf4 Qg5 21.Qd6 Qe7 22.Qf4 Qg5  1/2-1/2

[Event "Leon"]
[Site "Leon"]
[Date "1990.??.??"]
[Round "7"]
[White "Ochoa de Echaguen, F Javier"]
[Black "Illescas Cordoba, Miguel"]
[Result "1/2-1/2"]
[WhiteElo "2400"]
[BlackElo "2530"]

1.e4 c5 2.c3 e6 3.d4 d5 4.exd5 exd5 5.Nf3 Bd6 6.Be2 Ne7 7.dxc5 Bxc5 8.O-O O-O
9.Nbd2 Nbc6 10.Nb3 Bb6 11.Nbd4 Bg4 12.h3 Nxd4 13.Nxd4 Bxe2 14.Nxe2 Nc6 15.Bf4 d4
16.Nxd4 Nxd4 17.cxd4 Bxd4 18.Rb1  1/2-1/2

[Event "Leon"]
[Site "Leon"]
[Date "1990.??.??"]
[Round "11"]
[White "Illescas Cordoba, Miguel"]
[Black "Garcia Palermo, Carlos"]
[Result "1/2-1/2"]
[WhiteElo "2530"]
[BlackElo "2460"]

1.e4 e5 2.f4 exf4 3.Nf3 g5 4.h4 g4 5.Ne5 Bg7 6.d4 d6 7.Nxg4 Bxg4 8.Qxg4 Bxd4
9.Nc3 Nf6 10.Qxf4 Qe7 11.Bd2 Bxc3 12.Bxc3 Nd5 13.Qf5 Nxc3 14.Qc8+ Qd8 15.Qxb7 Nd7
16.bxc3 O-O 17.Bd3 Ne5 18.O-O c6 19.g3 Qb6+ 20.Qxb6 axb6 21.a4 Ra5 22.Rfb1 Nd7
23.Bf1 Rfa8 24.Bh3 Ne5 25.Rxb6 Rxa4 26.Rxa4 Rxa4 27.Bf5 Ra1+ 28.Kg2 Ra2 29.Rb8+ Kg7
30.Rd8 Rxc2+ 31.Kh3 Rxc3 32.Rxd6 Rd3 33.Rxd3 Nxd3 34.Kg2 h6 35.Kf3 Ne5+ 36.Kf4 Kf6
37.Ke3 c5 38.Bh3 Ng6 39.Bf1 Ke5 40.Bc4 f6 41.Ba6 Nf8 42.Kf3 Ne6 43.Bc4 Ng7
44.Ba2 Ne8 45.Kg4 Ng7  1/2-1/2

[Event "Novi Sad ol (Men)"]
[Site "Novi Sad"]
[Date "1990.??.??"]
[Round "2"]
[White "Illescas Cordoba, Miguel"]
[Black "Afifi, Assem"]
[Result "1/2-1/2"]
[WhiteElo "2535"]
[BlackElo "2400"]

1.d4 d5 2.c4 e6 3.Nc3 Nf6 4.Bg5 Be7 5.e3 c6 6.Nf3 Nbd7 7.Bd3 O-O 8.O-O dxc4
9.Bxc4 Nd5 10.Bxe7 Qxe7 11.Ne4 N5b6 12.Bb3 e5 13.Rc1 Nf6 14.Nxf6+ gxf6 15.Nh4 exd4
16.exd4 Qe4 17.g3 Qg4 18.Qd3 Be6 19.f3 Qh5 20.Rfe1 Rfe8 21.Re4 Bxb3 22.Qxb3 Rxe4
23.fxe4 Qe2 24.Qf3 Qxf3 25.Nxf3 Re8 26.Nd2 f5 27.e5 f6 28.Nf3 fxe5  1/2-1/2

[Event "Novi Sad ol (Men)"]
[Site "Novi Sad"]
[Date "1990.??.??"]
[Round "5"]
[White "Bouaziz, Slim"]
[Black "Illescas Cordoba, Miguel"]
[Result "1/2-1/2"]
[WhiteElo "2360"]
[BlackElo "2535"]

1.Nf3 c5 2.c4 Nf6 3.Nc3 Nc6 4.g3 d5 5.cxd5 Nxd5 6.Bg2 Nc7 7.O-O e5 8.d3 Be7
9.Nd2 Bd7 10.Nc4 O-O 11.Bxc6 Bxc6 12.Nxe5 Be8 13.Be3 Ne6 14.f4 Nd4 15.Rc1 f6
16.Nf3 Kh8 17.Ne4 Nxf3+ 18.exf3 b6 19.d4 f5 20.Ng5 Bxg5 21.fxg5 Qe7 22.Bf4 Rd8
23.d5 Qf7 24.d6 Qxa2 25.Qd2 Bc6 26.Qc3 Rfe8 27.Rfe1 Qf7 28.b4 Rxe1+ 29.Rxe1 Re8
30.Rxe8+ Qxe8 31.bxc5 bxc5 32.Be5 Qd7 33.Kf2 Qb7 34.Qxc5 Qb6 35.Qxb6 axb6
36.Ke3 Kg8 37.Kf4 g6 38.Bd4 b5 39.Ke5 Kf7  1/2-1/2

[Event "Novi Sad ol (Men)"]
[Site "Novi Sad"]
[Date "1990.??.??"]
[Round "7"]
[White "Illescas Cordoba, Miguel"]
[Black "Muco, Fatos"]
[Result "1/2-1/2"]
[WhiteElo "2535"]
[BlackElo "2440"]

1.c4 c5 2.Nf3 g6 3.d4 cxd4 4.Nxd4 Bg7 5.e4 Nc6 6.Be3 Nf6 7.Nc3 O-O 8.Be2 d6
9.O-O Bd7 10.Qd2 Nxd4 11.Bxd4 Bc6 12.f3 a5 13.b3 Nd7 14.Be3 Nc5 15.Rab1 Qb6
16.Rfc1 Rfe8 17.Rc2 Qd8 18.a3 e5 19.Bf1 Ne6 20.Rcc1 Nd4 21.Rd1 f5 22.exf5 Bxf3
23.fxg6 hxg6 24.Re1 Bc6 25.Qd1 Qh4 26.Bf2 Qg5 27.Ne4 Bxe4 28.Rxe4 Rf8 29.Be3 Qh5
30.Qxh5 gxh5 31.Bd3 Bf6 32.Bh6 Bg7 33.Bd2 Bf6 34.Re3 Kf7 35.Rh3 h4 36.Be1 Rh8
37.Be4 Ra7 38.Rb2 b6 39.Rf2 Kg7 40.Bd5 Bg5 41.a4 Rh6 42.Rb2 Kh8 43.Bf2 Kg7
44.Rb1 Rh8 45.Re1 Kf8 46.Re4 Rh6 47.Bxh4 Rg7 48.Kf1 Bxh4 49.Rexh4 Rxh4 50.Rxh4 Nxb3
51.Rh8+ Ke7 52.Rb8 Nc5 53.Rxb6 Nxa4 54.Ra6 Nc5 55.Rxa5 Kf6 56.Ra8 e4 57.Re8 Kf5
58.g3 Ra7 59.Kg2 Ra2+ 60.Kh3 Re2 61.g4+ Kf4 62.Rf8+ Kg5 63.Rf5+ Kh6 64.Rf6+ Kg5
65.Rf5+ Kh6 66.Kg3 Nd3 67.Rf6+ Kg5 68.Rf5+ Kh6 69.Rf7 Re3+ 70.Kh4 Ne5 71.g5+ Kg6
72.Rf6+ Kg7 73.Rxd6 Rf3 74.Rd8 Rf4+ 75.Kh5 e3 76.Rg8+ Kh7 77.g6+ Nxg6 78.Re8 Rf5+
79.Kg4 Re5 80.Rxe5 Nxe5+  1/2-1/2

[Event "Novi Sad ol (Men)"]
[Site "Novi Sad"]
[Date "1990.??.??"]
[Round "9"]
[White "Illescas Cordoba, Miguel"]
[Black "Santacruz, Francisco"]
[Result "1/2-1/2"]
[WhiteElo "2535"]
[BlackElo "2300"]

1.Nf3 c5 2.c4 Nc6 3.Nc3 g6 4.e3 Bg7 5.d4 d6 6.Be2 Nf6 7.d5 Nb8 8.O-O O-O
9.e4 Bg4 10.Bg5 a6 11.Nd2 Bxe2 12.Qxe2 Nbd7 13.f4 Ne8 14.a4 Rb8 15.Nf3 Nc7
16.Bh4 b5 17.axb5 axb5 18.cxb5 Re8 19.e5 Nb6 20.Rad1 Qc8 21.Qd3 Qd7 22.Ng5 Qg4
23.g3 dxe5 24.h3 Qf5 25.Qxf5 gxf5 26.fxe5 Bxe5 27.Rxf5 Bd4+ 28.Kg2 Bxc3 29.bxc3 Nbxd5
30.Rdxd5 Nxd5 31.Rxd5 Rxb5 32.g4 f6 33.Ne4 Rc8 34.Rd7 Kf8 35.Bf2 c4 36.Kf3 h5
37.Kf4 hxg4 38.hxg4 Ra5 39.g5 fxg5+ 40.Nxg5 Ke8 41.Rb7 Rc6 42.Bd4 e5+ 43.Bxe5 Rcc5
44.Nf3 Rxe5 45.Nxe5 Ra3 46.Kf5 Rxc3 47.Ke6 Rb3 48.Re7+ Kd8 49.Rd7+ Ke8 50.Re7+ Kd8
51.Nc6+ Kc8 52.Na7+ Kd8 53.Nc6+ Kc8 54.Kd6 Rd3+ 55.Kc5 Rd1 56.Ne5 Kd8 57.Nc6+ Kc8
58.Ra7 c3 59.Ne7+ Kd8 60.Nc6+  1/2-1/2

[Event "Novi Sad ol (Men)"]
[Site "Novi Sad"]
[Date "1990.??.??"]
[Round "11"]
[White "Torre, Eugenio"]
[Black "Illescas Cordoba, Miguel"]
[Result "1-0"]
[WhiteElo "2530"]
[BlackElo "2535"]

1.e4 c5 2.Nf3 e6 3.c3 d5 4.e5 d4 5.Bd3 Nc6 6.O-O Nge7 7.Re1 Ng6 8.g3 Be7
9.h4 f6 10.exf6 Bxf6 11.Be4 Bd7 12.d3 O-O 13.Ng5 Bxg5 14.Bxg5 Qe8 15.Nd2 Qf7
16.Qe2 h6 17.h5 Nge7 18.Bxe7 Qxe7 19.Nf3 dxc3 20.bxc3 Qf6 21.Rac1 Rad8 22.Nh4 b6
23.Ng6 Rfe8 24.f4 Ne7 25.Ne5 Bc8 26.Qg2 Rf8 27.Rc2 Nd5 28.c4 Ne7 29.Rf2 Nf5
30.g4 Nd6 31.Bc6 Nf7 32.Ng6 Rxd3 33.Nxf8 Qc3 34.Qf1 Kxf8 35.Rd1 Rxd1 36.Qxd1 Qxc4
37.Rd2 Ke7 38.Qf3 Nd6 39.Qf2 Ne4 40.Bxe4 Qxe4 41.Kh2 Bd7 42.Re2 Qc4 43.Qe3 Kf7
44.Rd2 Bc6 45.Kg3 Qf1 46.Re2 Bd5 47.f5 c4 48.fxe6+ Ke7 49.Qa3+ Kd8  1-0

[Event "Novi Sad ol (Men)"]
[Site "Novi Sad"]
[Date "1990.??.??"]
[Round "14"]
[White "Illescas Cordoba, Miguel"]
[Black "Corbin, Philip"]
[Result "1-0"]
[WhiteElo "2535"]
[BlackElo "2300"]

1.e4 d5 2.exd5 Nf6 3.d4 Nxd5 4.c4 Nb6 5.Nf3 Bg4 6.c5 N6d7 7.h3 Bxf3 8.Qxf3 Nc6
9.Be3 e5 10.dxe5 Ndxe5 11.Qe4 Qd7 12.Nc3 f5 13.Qa4 O-O-O 14.Rd1 Qe8 15.Be2 Rxd1+
16.Qxd1 f4 17.Bxf4 Bxc5 18.O-O Rf8 19.Bh2 Qg6 20.Qd5 Rf5 21.Kh1 Nd7 22.Qd2 Rf7
23.Bc4 Rf8 24.Bd3 Qf7 25.Qg5 Qe7 26.Qxe7 Nxe7 27.f3 h5 28.Rc1 Bb6 29.Re1 Nc6
30.Nd5 Bd4 31.Bxc7 Nde5 32.Be4 Bxb2 33.Bd6 Rf7 34.Re2 Bd4 35.Ba3 g5 36.Bc1 g4
37.f4 g3 38.Re1 Bf2 39.Rd1 Nc4 40.Bg6 Rf8 41.Bxh5 b5 42.f5 Rh8 43.Bg4 N4e5
44.Bb2 Rf8 45.Ne7+ Nxe7 46.Bxe5 Nxf5 47.Rf1 Kb7 48.Bxf5 Re8 49.Bc3 Kc6 50.Rc1 Kd5
51.Bd7 Re2 52.Bxb5 Rxa2 53.Be1 Rb2 54.Bxf2 gxf2 55.Bf1 Kd4 56.g3 Ra2 57.Kg2 a5
58.Rc4+ Ke3 59.Rf4 a4 60.h4 a3 61.h5 Rd2 62.Rf3+ Ke4 63.Rxa3 Kf5 64.Rf3+ Kg5
65.Rxf2 Rd6 66.Ra2 Re6 67.h6  1-0

[Event "Pamplona"]
[Site "Pamplona"]
[Date "1990.??.??"]
[Round "?"]
[White "Illescas Cordoba, Miguel"]
[Black "Todorcevic, Miodrag"]
[Result "1/2-1/2"]
[WhiteElo "2535"]
[BlackElo "2540"]

1.d4 g6 2.e4 Bg7 3.c4 d6 4.Nc3 e5 5.Nf3 Nc6 6.Bg5 f6 7.Be3 Nh6 8.dxe5 dxe5
9.Qxd8+ Kxd8 10.O-O-O+ Bd7 11.h3 Nf7 12.c5 Kc8 13.Bc4 Ncd8 14.Rd3 Be6 15.Nd2 Re8
16.h4 h5 17.Rd1 c6 18.Bxe6+ Nxe6 19.Nc4 Bf8 20.b4 Rd8 21.Rxd8+ Nexd8 22.g3 Ne6
23.f4 Kc7 24.fxe5 Nxe5 25.Nxe5 fxe5 26.Rf1 Be7 27.Rf7 Kd7 28.Nd5 cxd5 29.exd5 Rf8
30.Rh7 Rg8 31.Bh6 a5 32.d6 Re8 33.a3 axb4 34.axb4 b6 35.Be3 bxc5 36.bxc5 Nf8
37.Rg7 Ke6 38.Rxe7+ Rxe7 39.dxe7 Kxe7 40.Kd2 Ke6 41.c6 Nh7 42.Bc5 Nf6 43.Kd3 Ne8
44.Kc4 e4 45.Kd4 e3 46.Kxe3 Kd5 47.Bb4 Kxc6 48.Kf4 Nf6 49.Kg5 Ne4+ 50.Kxg6 Nxg3
51.Be1 Ne2 52.Kxh5 Kd7 53.Bd2 Ke6 54.Kg6 Ng3 55.Bb4 Ne2 56.Bd2 Ng3 57.Bf4 Nf5
58.h5 Ne7+ 59.Kg5 Ng8 60.Bc7 Nf6 61.h6 Kf7  1/2-1/2

[Event "Tarrassa"]
[Site "Tarrassa"]
[Date "1990.??.??"]
[Round "1"]
[White "Illescas Cordoba, Miguel"]
[Black "Magem Badals, Jorge"]
[Result "1/2-1/2"]
[WhiteElo "2530"]
[BlackElo "2460"]

1.e4 c6 2.d4 d5 3.exd5 cxd5 4.c4 Nf6 5.Nc3 e6 6.Nf3 Bb4 7.Bd3 O-O 8.O-O dxc4
9.Bxc4 b6 10.Qe2 Bb7 11.Rd1 Nbd7 12.Ne5 Rc8 13.Bg5 Bxc3 14.bxc3 Qc7 15.Nxd7 Nxd7
16.Bb5 h6 17.Be7 Rfe8 18.Bh4 a6 19.Bg3 Qd8 20.Bxa6 Bxa6 21.Qxa6 Rxc3 22.Rab1 Qa8
23.Qxa8 Rxa8 24.d5 exd5 25.Rxd5  1/2-1/2

[Event "Tarrassa"]
[Site "Tarrassa"]
[Date "1990.??.??"]
[Round "11"]
[White "Pomes Marcet, Juan"]
[Black "Illescas Cordoba, Miguel"]
[Result "1-0"]
[WhiteElo "2420"]
[BlackElo "2530"]

1.Nf3 c5 2.c4 Nc6 3.d4 cxd4 4.Nxd4 Nf6 5.g3 g6 6.Bg2 Bg7 7.O-O O-O 8.Nc3 Nxd4
9.Qxd4 d6 10.Qh4 Be6 11.Bxb7 Rb8 12.Bf3 Qa5 13.Nd5 Bxd5 14.cxd5 Rfc8 15.Rd1 Rc2
16.Qg5 Qc7 17.Rb1 a5 18.Qe3 h5 19.h3 Kf8 20.Qa3 Nd7 21.Bd2 Rbxb2 22.Rxb2 Bxb2
23.Qb3 Qc4 24.Bxa5 Ne5 25.Qxc4 Nxc4 26.Be4 Rc1 27.Rxc1 Bxc1 28.Bc3 Ba3 29.Bc2 Bc5
30.Bb3 Na3 31.e3 Ke8 32.Ba4+ Kf8 33.Kf1 e5 34.Ke2 Nc4 35.Bb3 Na3 36.Kd3 f5
37.f3 Ke7 38.e4 fxe4+ 39.fxe4 Kd8 40.Ba5+ Ke7 41.Ba4 g5 42.g4 hxg4 43.hxg4 Bd4
44.Bb4 Bc5 45.Be1 Bd4 46.Bd2 Kf6 47.Bc1 Bc5 48.Kc3 Bd4+ 49.Kb3 Nb1 50.Bb5 Nc3
51.Bd3 Nd1 52.Be2 Nf2 53.Bf3 Nd3 54.Bd2 Bf2 55.Kc4 Ne1 56.Be2 Nc2 57.a4 Bc5
58.a5 Nd4 59.Bd1 Ba7 60.a6  1-0

[Event "FRA-chT"]
[Site "FRA"]
[Date "1991.??.??"]
[Round "?"]
[White "Illescas Cordoba, Miguel"]
[Black "Guidez, Yann Michel"]
[Result "1-0"]
[WhiteElo "2545"]
[BlackElo "2320"]

1.Nf3 Nf6 2.c4 g6 3.Nc3 Bg7 4.e4 d6 5.d4 O-O 6.Be2 c5 7.O-O cxd4 8.Nxd4 Nc6
9.Be3 Bd7 10.Qd2 Nxd4 11.Bxd4 Bc6 12.f3 Nd7 13.Be3 a5 14.b3 f5 15.exf5 gxf5
16.Rac1 Rf6 17.Nd5 Bxd5 18.Qxd5+ Kh8 19.Rfd1 Qg8 20.Bg5 Rg6 21.f4 Nc5 22.Bh5 Re6
23.Qxf5 Rf8 24.Qh3 Ne4 25.Bf3 Nxg5 26.fxg5 Re3 27.Qg4 Be5 28.Bd5 Qg7 29.Rf1 Rxf1+
30.Rxf1 Bd4 31.Qc8+  1-0

[Event "FRA-chT"]
[Site "FRA"]
[Date "1991.??.??"]
[Round "?"]
[White "Illescas Cordoba, Miguel"]
[Black "Gueneau, Christophe"]
[Result "1-0"]
[WhiteElo "2545"]
[BlackElo "2200"]

1.e4 e5 2.Nf3 Nc6 3.Bb5 a6 4.Bxc6 bxc6 5.O-O d6 6.d4 exd4 7.Nxd4 Bd7 8.Nc3 Nf6
9.Bf4 Be7 10.e5 dxe5 11.Bxe5 O-O 12.Qf3 c5 13.Nc6 Bxc6 14.Qxc6 Qd7 15.Qxd7 Nxd7
16.Bxc7 Bf6 17.Ba5 Rab8 18.b3 Rfe8 19.Rad1 Nf8 20.Nd5 Bb2 21.Rfe1 Rxe1+ 22.Rxe1 Ne6
23.Nc7 Nxc7 24.Bxc7 Rc8 25.Rd1 Bf6 26.Bf4 c4 27.g3 cxb3 28.cxb3 Rc2 29.Rc1 Rxc1+
30.Bxc1 Kf8 31.Kg2 Ke7 32.Kf3 Bd4 33.Be3 Bb2 34.Ke4 g6 35.Bd4 Ba3 36.Kd5 Kd7
37.Bc5 Bb2 38.b4 Kc7 39.a4 h5 40.h3 Bf6 41.b5 axb5 42.axb5 Bg7 43.Be3 Bf8
44.h4 Be7 45.Bc5  1-0

[Event "FRA-chT"]
[Site "FRA"]
[Date "1991.??.??"]
[Round "?"]
[White "Bedos, Michel"]
[Black "Illescas Cordoba, Miguel"]
[Result "0-1"]
[WhiteElo "2270"]
[BlackElo "2545"]

1.d4 Nf6 2.c4 e6 3.Nc3 Bb4 4.g3 O-O 5.Bg2 c5 6.Nf3 cxd4 7.Nxd4 d5 8.cxd5 Nxd5
9.Bd2 Nxc3 10.bxc3 Be7 11.Rb1 Nd7 12.O-O Nb6 13.Bf4 Nd5 14.Qb3 Nxf4 15.gxf4 Qc7
16.e3 a6 17.Qb6 Qxb6 18.Rxb6 Ra7 19.a4 Rd8 20.Rfb1 Rd7 21.R6b3 g6 22.Kf1 Rc7
23.Ke1 Bf6 24.Kd2 Kg7 25.Be4 Bh4 26.Ke2 Be7 27.Kd2 Rd7 28.Ke1 Bc5 29.Bg2 h6
30.Be4 Kf6 31.Ke2 Rc7 32.Kd2 b6 33.Bf3 Bd7 34.Ra1 g5 35.fxg5+ hxg5 36.Ke2 Rc8
37.Kf1 Rh8 38.Kg1 Rh4 39.Rbb1 Rc7 40.Nb3 Bd6 41.Nd2 Bxh2+ 42.Kg2 g4 43.Ba8 Rc8
44.Bb7 Rb8 45.Bxa6 Bc6+ 46.Kf1 Be5 47.Ke2 Bxc3 48.Ra3 Bxd2 49.Kxd2 Rh2  0-1

[Event "FRA-chT"]
[Site "FRA"]
[Date "1991.??.??"]
[Round "?"]
[White "Armas, Iulius"]
[Black "Illescas Cordoba, Miguel"]
[Result "0-1"]
[WhiteElo "2450"]
[BlackElo "2545"]

1.e4 c5 2.Nf3 e6 3.d4 cxd4 4.Nxd4 Nc6 5.Be2 Nf6 6.Nc3 Bb4 7.f3 d5 8.Nxc6 bxc6
9.O-O O-O 10.Bg5 Be7 11.Qd2 h6 12.Bf4 Bb7 13.Bd3 Nh5 14.exd5 Nxf4 15.Qxf4 cxd5
16.Ne2 Bf6 17.c3 Qb6+ 18.Kh1 e5 19.Qa4 Bc6 20.Qc2 Rab8 21.Rab1 Qa5 22.b4 Qc7
23.c4 dxc4 24.Qxc4 Qb6 25.Nc3 Rfd8 26.b5 Bb7 27.Bg6 Rd7 28.Rfd1 Rc7 29.Qb3 Rxc3
30.Bxf7+ Kf8 31.Qxc3 Kxf7 32.Qc4+ Kg6 33.Qd3+ e4 34.fxe4 Rd8 35.Qg3+ Kh7
36.e5 Be7 37.Rxd8 Qxd8 38.Qg4 Qd3 39.Rd1 Qc2 40.Rf1 Qxa2 41.h4 Kh8 42.h5 Qd5
43.Qg6 Qxb5 44.Rb1 Qa4 45.Rc1 Bg5 46.Rc2 Be3  0-1

[Event "FRA-chT"]
[Site "FRA"]
[Date "1991.??.??"]
[Round "?"]
[White "Renet, Olivier"]
[Black "Illescas Cordoba, Miguel"]
[Result "1/2-1/2"]
[WhiteElo "2470"]
[BlackElo "2545"]

1.e4 c5 2.Nf3 e6 3.d4 cxd4 4.Nxd4 Nc6 5.Nb5 d6 6.c4 Nf6 7.N1c3 a6 8.Na3 b6
9.Be2 Bb7 10.O-O Nb8 11.f3 Nbd7 12.Be3 Be7 13.Qe1 O-O 14.Qf2 Qc7 15.Rac1 Rac8
16.Kh1 Rfe8 17.Rfd1 Qb8 18.Bd4 Ba8 19.Nab1 Bf8 20.Nd2 h6 21.Rb1 Qc7 22.Rdc1 Bb7
23.Qg1  1/2-1/2

[Event "ESP-chT"]
[Site "Linares"]
[Date "1991.??.??"]
[Round "3"]
[White "Veingold, Aleksandr"]
[Black "Illescas Cordoba, Miguel"]
[Result "1/2-1/2"]
[WhiteElo "2465"]
[BlackElo "2545"]

1.d4 Nf6 2.Nf3 e6 3.g3 b5 4.Bg2 Bb7 5.O-O c5 6.Na3 a6 7.c4 b4 8.Nc2 Qb6 9.Bg5 cxd4
10.Bxf6 gxf6 11.Qxd4 Qxd4 12.Nfxd4 Bxg2 13.Kxg2 f5 14.a3 bxa3 15.b4 Ra7 16.Rxa3 Rb7
17.Rb1 Be7 18.Re3 d6 19.b5 O-O 20.Rbb3 axb5 21.cxb5 Rc8 22.Rec3 Rxc3 23.Rxc3 Bf6
24.e3 Kg7 25.h3 Nd7 26.Rc6 d5 27.Ra6 Nc5 28.Ra8 Ne4 29.Ra6 Kg6 30.Ra3 e5
31.Nf3 Rxb5 32.Ra6 Rb2 33.Rc6 Kg7 34.Nfe1 Rb3 35.f3 Nc3 36.Kf2 f4 37.exf4 exf4
38.gxf4 Rb1 39.Ne3 Rb2+ 40.Kf1  1/2-1/2

[Event "ESP-chT"]
[Site "Linares"]
[Date "1991.??.??"]
[Round "4"]
[White "Illescas Cordoba, Miguel"]
[Black "Campos Moreno, Javier B"]
[Result "1/2-1/2"]
[WhiteElo "2545"]
[BlackElo "2480"]

1.c4 Nf6 2.Nc3 e6 3.Nf3 d5 4.d4 Bb4 5.cxd5 exd5 6.Qa4+ Nc6 7.Bg5 O-O 8.e3 Qd6
9.Bxf6 Qxf6 10.Be2 Rd8 11.O-O Bf8 12.Rfc1 Ne7 13.b4 Ng6 14.Qb3 c6 15.b5 Bd6
16.bxc6 bxc6 17.Na4 Bf5 18.Qd1 Rab8 19.Bd3 Bg4 20.h3 Bxf3 21.Qxf3 Qxf3 22.gxf3 Rb4
23.Nc5 Bxc5 24.Rxc5 Ne7 25.Ra5 Rd7 26.f4 f5 27.Rc1 Kf7 28.Rc3 Ke6 29.Rca3 Rbb7
30.Kg2 g6 31.Ba6 Rb2 32.h4 Kd6 33.Bd3 Rbb7 34.Ra6 Ng8 35.Bc2 Nf6 36.Bb3 Re7
37.R3a5 Rg7 38.Kf3 Rge7 39.Ke2 Rg7 40.Kd3 Rgc7 41.f3 Re7 42.Kd2 Rg7 43.Ra3 Rge7
44.Bc2 Rec7 45.Rc3 Rb6 46.Ra5 Rb5 47.Ra6  1/2-1/2

[Event "ESP-chT"]
[Site "Linares"]
[Date "1991.??.??"]
[Round "5"]
[White "Illescas Cordoba, Miguel"]
[Black "Bellon Lopez, Juan Manuel"]
[Result "1-0"]
[WhiteElo "2545"]
[BlackElo "2495"]

1.c4 c5 2.Nf3 Nc6 3.d4 cxd4 4.Nxd4 g6 5.e4 Bg7 6.Be3 Nf6 7.Nc3 O-O 8.Be2 b6
9.O-O Bb7 10.f3 e6 11.Nxc6 Bxc6 12.Qb3 d5 13.Rad1 Qe7 14.e5 Nd7 15.cxd5 exd5
16.f4 Nf6 17.Bd4 Ne8 18.Nxd5 Bxd5 19.Qxd5 Nc7 20.Qb7 Rfb8 21.Qf3 Rd8 22.Bc3 Rxd1
23.Rxd1 Rd8 24.Rxd8+ Qxd8 25.g3 Bf8 26.Qd3 Bc5+ 27.Kg2 Qd5+ 28.Qxd5 Nxd5
29.Bd2 Bd4 30.b4 Nc3 31.Bc4 Kf8 32.Kf3 f6 33.exf6 Bxf6 34.Ke3 Ke7 35.Kd3 Nd1
36.Bg8 h5 37.Be1 b5 38.Bb3 Nb2+ 39.Kc2 Na4 40.Bxa4 bxa4 41.Bc3 Ke6 42.Bxf6 Kxf6
43.Kd3 Kf5 44.Ke3 Kg4 45.Kf2 Kh3 46.Kg1 a3 47.b5 Kg4 48.Kg2 h4 49.h3+ Kf5
50.Kf3 hxg3 51.Kxg3 Ke4 52.h4 Ke3 53.h5 gxh5 54.f5  1-0

[Event "ESP-ch"]
[Site "Lleida"]
[Date "1991.??.??"]
[Round "3"]
[White "Illescas Cordoba, Miguel"]
[Black "Estremera Panos, Sergio"]
[Result "1-0"]
[WhiteElo "2545"]
[BlackElo "2300"]

1.Nf3 Nf6 2.c4 e6 3.Nc3 Bb4 4.Qc2 c5 5.a3 Ba5 6.g3 Nc6 7.Bg2 O-O 8.O-O d6
9.Rb1 e5 10.e3 Be6 11.Na2 h6 12.b4 Bb6 13.d3 Qd7 14.Nc3 Bd8 15.Nd2 Rc8 16.bxc5 dxc5
17.Nde4 b6 18.Nxf6+ Bxf6 19.Nd5 Bd8 20.Bb2 Qd6 21.f4 exf4 22.gxf4 f5 23.Rf3 Rf7
24.Rg3 Kh7 25.Kh1 Bh4 26.Rh3 Qd8 27.Rg1 Rd7 28.Qe2 g6 29.Rxh4 Bxd5 30.cxd5 Qxh4
31.dxc6 Re7 32.Be5  1-0

[Event "ESP-ch"]
[Site "Lleida"]
[Date "1991.??.??"]
[Round "4"]
[White "Torrecillas Martinez, Antonio"]
[Black "Illescas Cordoba, Miguel"]
[Result "0-1"]
[WhiteElo "2360"]
[BlackElo "2545"]

1.d4 d5 2.c4 c6 3.e3 e6 4.Nf3 f5 5.Bd3 Nf6 6.O-O Bd6 7.b3 Qe7 8.a4 O-O 9.Ba3 Bxa3
10.Nxa3 Ne4 11.Nc2 a5 12.Ne5 Nd7 13.f4 Nxe5 14.dxe5 Nc5 15.Nd4 Bd7 16.Rc1 Nxd3
17.Qxd3 c5 18.Ne2 Bc6 19.Nc3 dxc4 20.Qxc4 Rad8 21.Rcd1 Kh8 22.Nb5 g5 23.Nd6 gxf4
24.exf4 Rg8 25.Rd2 b6 26.Rff2 Rg7 27.Kf1 Rdg8 28.g3 h5 29.Rd3 h4 30.Qc3 hxg3
31.Rxg3 Rxg3 32.hxg3 Qh7 33.Ke2 Rg7 34.Qc4 Bd5 35.Qb5 Qh5+ 36.Kd2 Rxg3 37.Qxb6 Bxb3
38.Qb8+ Kh7 39.Qb7+ Kh6 40.Re2 c4 41.Nf7+ Kg6 42.Ng5 Rd3+ 43.Ke1 Qh4+ 44.Rf2 Rd1+
45.Ke2 Rd2+  0-1

[Event "URS-ESP mT"]
[Site "Logrono"]
[Date "1991.??.??"]
[Round "?"]
[White "Polugaevsky, Lev"]
[Black "Illescas Cordoba, Miguel"]
[Result "1/2-1/2"]
[WhiteElo "2630"]
[BlackElo "2545"]

1.d4 d5 2.c4 e6 3.Nf3 c5 4.cxd5 exd5 5.g3 Nf6 6.Bg2 Be7 7.O-O O-O 8.Nc3 Nc6
9.Bg5 cxd4 10.Nxd4 h6 11.Be3 Re8 12.Rc1 Bf8 13.Qa4 Na5 14.Rcd1 Nc4 15.Bc1 Bd7
16.Qc2 Rc8 17.b3 Ne5 18.Qb2 Qa5 19.Bd2 Qc5 20.Nb1 Qb6 21.Bf4  1/2-1/2

[Event "Oviedo rapid"]
[Site "Oviedo"]
[Date "1991.??.??"]
[Round "5"]
[White "Illescas Cordoba, Miguel"]
[Black "Alvarez Ibarra, D Rafael"]
[Result "1-0"]
[WhiteElo "2545"]
[BlackElo "2355"]

1.c4 c5 2.Nf3 Nc6 3.d4 cxd4 4.Nxd4 Nf6 5.Nc3 g6 6.e4 Nxd4 7.Qxd4 d6 8.Be2 Bg7
9.O-O O-O 10.Qe3 Bd7 11.Bd2 a6 12.b3 b5 13.cxb5 axb5 14.a4 bxa4 15.bxa4 Ng4
16.Qg3 Ne5 17.Rfc1 Qa5 18.Qg5 Rac8 19.Qxe7 Be6 20.Qg5 h6 21.Qe3 Nc4 22.Bxc4 Rxc4
23.Nb5 Rxc1+ 24.Rxc1 Qxa4 25.Nxd6 Bb2 26.Re1 Rd8 27.e5 Qa3 28.Qb6 Ra8 29.Qb7 Qa7
30.Qxb2  1-0

[Event "Palma de Mallorca op"]
[Site "Palma de Mallorca"]
[Date "1991.??.??"]
[Round "?"]
[White "Renet, Olivier"]
[Black "Illescas Cordoba, Miguel"]
[Result "0-1"]
[WhiteElo "2470"]
[BlackElo "2545"]

1.e4 c5 2.Nf3 e6 3.d4 cxd4 4.Nxd4 Nc6 5.Nb5 d6 6.c4 Nf6 7.N1c3 a6 8.Na3 Be7
9.Be2 O-O 10.O-O b6 11.Be3 Ne5 12.f4 Ned7 13.Bf3 Bb7 14.Qe2 Qc7 15.Rac1 Rad8
16.Bf2 Qb8 17.Nab1 h6 18.Kh1 Rc8 19.Nd2 Qa8 20.Rfd1 Rfd8 21.a3 Qb8 22.b4 Qc7
23.Qe1 Nh7 24.Qg1 Ba8 25.Na4 Rb8 26.Nb2 Nhf8 27.Nd3 Ng6 28.Qe1 Rdc8 29.Bg3 Qd8
30.f5 exf5 31.exf5 Nh4 32.Bxa8 Rxa8 33.Qf2 Bg5 34.Bxd6 Nf6 35.c5 bxc5 36.bxc5 Ng4
37.Qe2 Ne3 38.Rg1 Nexf5 39.Bf4 Rc6 40.Bxg5 hxg5 41.Ne4 Re6 42.Ndf2 Qd7 43.Rgd1 Rae8
44.g3 Ng6 45.Qf3 Nh6 46.Nd6 Rf8 47.Qc3 f5 48.Re1 Kh8 49.Rxe6 Qxe6 50.Re1 Qd5+
51.Kg1 f4 52.Re8 Rxe8 53.Nxe8 Ne5 54.Kf1 Qe6 55.c6 Qxe8 56.c7 Nc6 57.gxf4 gxf4
58.Ng4 Nxg4 59.Qh3+ Kg8 60.Qxg4 Na7 61.a4 Qc8  0-1

[Event "Palma de Mallorca op"]
[Site "Palma de Mallorca"]
[Date "1991.??.??"]
[Round "?"]
[White "Illescas Cordoba, Miguel"]
[Black "Magem Badals, Jorge"]
[Result "1/2-1/2"]
[WhiteElo "2545"]
[BlackElo "2485"]

1.e4 c6 2.Nc3 d5 3.Nf3 g6 4.d4 Bg7 5.h3 Nh6 6.Bg5 f6 7.Be3 O-O 8.Qd2 Nf7
9.O-O-O Be6 10.Kb1 Nd7 11.Bd3 Nb6 12.Qe2 Nd6 13.Bc1 dxe4 14.Nxe4 Nxe4 15.Bxe4 Bf7
16.h4 h5 17.Rh3 Qd7 18.Bd3 Qe6 19.Qxe6 Bxe6 20.Rhh1 Kf7 21.Rde1 Bf5 22.Bxf5 gxf5
23.Re2 Rfe8 24.Rhe1 e6 25.Bd2 Bf8 26.b3 Bd6 27.c4 Nd7 28.Ng1 Nf8 29.g3 Rad8
30.f4 Nd7 31.Nf3 Re7 32.Be3 a6 33.Kc2 Bb4 34.Rd1 Rc8 35.Bf2 Bd6 36.a4 Ree8
37.Re3 Bc7 38.Red3 Bb6 39.b4 Ba7 40.Kb3 Bb6 41.R1d2 Bc7 42.Rc2 Bd6 43.Ne5+ Ke7
44.Rcd2 Red8 45.Nxd7  1/2-1/2

[Event "Palma de Mallorca op"]
[Site "Palma de Mallorca"]
[Date "1991.??.??"]
[Round "?"]
[White "Slipak, Sergio"]
[Black "Illescas Cordoba, Miguel"]
[Result "1/2-1/2"]
[WhiteElo "2415"]
[BlackElo "2545"]

1.e4 c5 2.Nf3 e6 3.d4 cxd4 4.Nxd4 Nc6 5.Nb5 d6 6.c4 Nf6 7.N1c3 a6 8.Na3 Be7
9.Be2 O-O 10.O-O b6 11.Be3 Bb7 12.f3 Re8 13.Qd2  1/2-1/2

[Event "Palma de Mallorca op"]
[Site "Palma de Mallorca"]
[Date "1991.??.??"]
[Round "?"]
[White "Illescas Cordoba, Miguel"]
[Black "Calvo Minguez, Ricardo"]
[Result "1-0"]
[WhiteElo "2545"]
[BlackElo "2375"]

1.e4 e5 2.Nf3 Nc6 3.Bc4 Bc5 4.c3 Nf6 5.b4 Bb6 6.d3 d6 7.Nbd2 Ne7 8.Bb3 c6
9.Nc4 Bc7 10.Bg5 Ng6 11.Nh4 Nxh4 12.Bxh4 h6 13.a4 g5 14.Bg3 Qe7 15.Ne3 Bb6
16.Nf5 Bxf5 17.exf5 a5 18.b5 cxb5 19.axb5 Rc8 20.Rc1 Kf8 21.O-O Qd7 22.d4 exd4
23.cxd4 Rxc1 24.Qxc1 Kg7 25.Qd1 Rd8 26.Qd3 Qe7 27.Bc2 Re8 28.h4 g4 29.Rd1 Qe2
30.Qb3 Rc8 31.Bd3 Qe7 32.Qa3 Bxd4 33.Bxd6 Qd8 34.Be2 Qb6 35.Qg3 Rc3 36.Qf4 Bc5
37.Be5 Rc2 38.Qxg4+ Kf8 39.Qf3 Bxf2+ 40.Kf1 Bxh4 41.g3 Bg5 42.Qd3 Rc8 43.Qa3+ Kg7
44.Qe7 Kg8 45.Bd4 Qc7 46.Bxf6 Qxe7 47.Bxe7 Bxe7 48.Rd7 Kf8 49.Rxb7 a4 50.Ra7 Rc1+
51.Kg2 a3 52.b6 Rb1 53.b7 Kg7 54.b8=Q Rxb8 55.Rxe7 a2 56.Ra7 Rb2 57.Kf3  1-0